Loading...
| Literature - European | 0 | 4 | 0 | 0 | 40 | 81 | 118.75 | 0 | 2 | 6.60 | 24.24 |
| Literature - British | 0 | 4 | 0 | 0 | 40 | 89 | 123.00 | 0 | 3 | 3.71 | 15.15 |
| Science - Other | 0 | 4 | 2 | 1 | 30 | 82 | 111.00 | 0 | 3 | 5.33 | 21.21 |
| Philosophy | 0 | 2 | 0 | 0 | 20 | 29 | 75.00 | 1 | 2 | 8.46 | 16.67 |
| Science - Physics | 0 | 2 | 0 | 0 | 20 | 91 | 107.50 | 0 | 2 | 2.37 | 15.15 |
| Literature - World | 0 | 3 | 2 | 0 | 20 | 119 | 129.33 | 0 | 2 | 2.37 | 13.64 |
| Mythology | 0 | 3 | 2 | 0 | 20 | 91 | 98.00 | 1 | 3 | 7.98 | 24.24 |
| Social Science | 0 | 1 | 0 | 0 | 10 | 126 | 126.00 | 0 | 0 | -0.15 | 1.52 |
| Fine Arts - Other | 0 | 1 | 0 | 0 | 10 | 99 | 99.00 | 0 | 0 | 2.71 | 4.55 |
| History - American | 0 | 1 | 0 | 0 | 10 | 136 | 136.00 | 0 | 0 | -0.49 | 1.52 |
| History - European | 0 | 1 | 0 | 0 | 10 | 96 | 96.00 | 0 | 0 | 2.05 | 1.52 |
| History - World | 0 | 1 | 0 | 0 | 10 | 118 | 118.00 | 0 | 0 | 0.64 | 3.03 |
| Literature - American | 0 | 2 | 2 | 0 | 10 | 124 | 132.50 | 0 | 1 | 0.49 | 7.58 |
| Fine Arts - Classical Music | 0 | 1 | 0 | 0 | 10 | 127 | 127.00 | 0 | 0 | -0.22 | 1.52 |
| Geography | 0 | 1 | 1 | 0 | 5 | 96 | 96.00 | 0 | 0 | 7.22 | 12.50 |
| Fine Arts - Painting and Sculpture | 0 | 0 | 0 | 0 | 0 | 0.00 | 0 | 0 | 0.00 | 0.00 | |
| History - Other | 0 | 0 | 1 | 0 | -5 | 0.00 | 0 | 0 | 0.00 | 0.00 | |
| Religion | 0 | 0 | 2 | 0 | -10 | 0.00 | 0 | 0 | 0.00 | 0.00 |